00730 a2200229 450000500170000000800410001702000190005804000560007704100080013310000260014124501300016725000100029726000370030730000240034450000220036865000180039065000150040865000160042365000190043965000230045865000190048120140903175037.0140307s2014 ck frn 001 0 spa d a77073496211467 aCO-BoUCMbspacJavier GarzóndAldemar Mondragón0 aspa1 aSierra Torres, Gladys13aLa identificación lofoscópicabdactiloscopia, poroscopia, quiroscopia, pelmatoscopia, y exploración de huellas latentes a2a ed aBogotá (Colombia)bLeyerc2014 axxix, 791 páginas aIncluye índices 4aPelmatoscopia 4aPoroscopia 4aQuiroscopia 7aDactiloscopia  7aHuellas digitales  7aCriminología